00709nam a2200169 a 450000100100000000500170001000800410002704000250006808200090009310000280010224500890013026000590021930000200027895201090029895201150040799900170052200001752720200929165136.0100326s1993 xxu 000 0 spa d aDO-SdBNPbspacBNPHU axxxx1 aSoriano, Félix93827210aThe way dominicans speak colloquially :b(...And something else) /cFélix Soriano. aBronx, Estados Unidos :bExpress Printing Plus,c1993. a65 p. ;c22 cm. 001050718MOaPDbPDcCTd2011-02-02iLF1l0oxxxx p17527-10r2020-06-25w2020-06-25y1ZNo se presta 001050718MOaPDbPDcCTd2011-03-03iLF1l0oxxxx p17527-20r2020-06-25te. 2w2020-06-25y1ZNo se presta c17052d17052